[Event "Tata Steel-A 80th"]
[Site "Wijk aan Zee"]
[Date "2018.01.28"]
[Round "13"]
[White "So, Wesley"]
[Black "Hou, Yifan"]
[Result "1-0"]
[WhiteElo "2792"]
[BlackElo "2680"]
[Annotator "Fernandez,D"]
[PlyCount "59"]
[EventDate "2018.01.13"]
[EventType "tourn"]
[EventRounds "13"]
[EventCountry "NED"]
[EventCategory "20"]
[SourceTitle "CBM 183"]
[Source "ChessBase"]
[SourceDate "2018.03.14"]
[SourceVersion "1"]
[SourceVersionDate "2018.03.14"]
[SourceQuality "1"]
[TimeControl "40/6000+30:20/3000+30:900+30"]

1. c4 {[%emt 0:00:00]} e6 {[%emt 0:00:05]} 2. g3 {[%emt 0:00:16]} d5 {[%emt 0:
00:26]} 3. Bg2 {[%emt 0:00:13]} Nf6 {[%emt 0:00:06]} 4. d4 {[%emt 0:00:44]}
Bb4+ {[%emt 0:03:13]} 5. Bd2 {[%emt 0:02:57]} Bd6 {[%emt 0:00:13]} (5... Be7 {
is far more common. It has a few advantages over the text- for instance,
covering the h4-d8 diagonal; avoiding c5 with tempo, and keeping d5 better
covered.} 6. Nf3 (6. Nc3 O-O 7. Nf3 dxc4 {has scored extremely well for Black})
6... O-O 7. O-O Nbd7 {We have obtained a standard 'delayed Catalan', as seen
for instance in Karjakin-Wei from this event.}) 6. Nc3 {[%emt 0:04:15] Trying
to make Black take on c4 or play ...c6, neither of which is particularly
favourable.} O-O {[%emt 0:03:07]} (6... c6 7. e4 dxe4 8. Nxe4 Nxe4 9. Bxe4 Nd7
10. Nf3 Nf6 11. Bc2 $14 {Vallejo Pons,F-Quesada Perez,Y Monzon 2016}) (6...
dxc4 {might nevertheless be the best move.} 7. Qa4+ (7. e4 e5 $132) 7... Nbd7 (
7... Nc6 $6 8. Bxc6+ bxc6 9. Qxc6+ Bd7 10. Qxc4 Qb8 11. b3 Qb7 12. Nf3 Bc6 $6
13. O-O Bxf3 14. exf3 Qxf3 15. d5 $16 {Donchenko, A-Bartel,M Gjakova 2016}) 8.
Qxc4 a6 $1 $132 {According to what I can see, this position has never been
viewed, let alone played, but a preliminary investigation indicates Black is
probably okay playing the standard ...Rb8, ... 0-0 and then whichever of ...b5,
...e5 and ...c5 best suits the position.} ({Meanwhile} 8... O-O 9. Nb5 $14 {
is arguably another disadvantage of ...Bd6})) 7. cxd5 {[%emt 0:01:32] If this
forcing approach works, there is no need to analyse anything else.} (7. e4 {
might be another move, as in the Vallejo game above, but here Black can
eventually play ...c5 in one.}) 7... exd5 {[%emt 0:00:06]} 8. Nxd5 {[%emt 0:00:
05]} Nxd5 {[%emt 0:00:05]} 9. Bxd5 {[%emt 0:00:05]} Bxg3 {[%emt 0:03:53]} 10.
Qb3 {[%emt 0:00:52]} Bd6 {[%emt 0:07:57]} (10... c6 11. Bxf7+ Rxf7 12. hxg3
Qxd4 13. Nf3 Qb6 14. Qxb6 axb6 15. Ng5 $16) 11. Nf3 {[%emt 0:00:21]} c6 {
[%emt 0:01:00]} (11... Nd7 {After the precise} 12. Rg1 $1 {Black has an
interesting choice to make.} Nf6 (12... Nb6 $5 13. Bh6 g6 14. Bxf8 Qxf8 $44 {
is not stupid either}) 13. Bc4 (13. Bh6 Ng4 14. Bg5 Be7 $11) 13... Bf5 14.
O-O-O (14. Ne5 Bxe5 15. dxe5 Ne4 16. Bh6 Qh4 $1 $132) 14... Qe7 $132 {White's
attacking chances are not insignificant, but Black has completed development
and should be fine.}) 12. Bc4 {[%emt 0:04:01]} Bf5 $6 {[%emt 0:13:41] Between
them the last two moves deserve one 'dubious' mark, and I have decided to
award it here.} (12... Nd7 13. Rg1 Nb6 {was once again worth considering,
since White runs into some tactical issues down the road if he takes the
exchange.}) 13. Ng5 {[%emt 0:08:52]} Qe7 {[%emt 0:00:12]} 14. Qf3 {[%emt 0:07:
15]} (14. O-O-O h6 15. e4 $40 {is revealed to be really problematic after some
deep engine analysis, but the text is more natural.}) 14... Bg6 {[%emt 0:02:19]
} 15. h4 {[%emt 0:01:17]} Bb4 {[%emt 0:04:00]} (15... h5 16. Bd3 Bxd3 17. Qxd3
g6 18. O-O-O Nd7 19. e4 $40) 16. O-O-O {[%emt 0:03:00]} Bxd2+ {[%emt 0:00:48]}
17. Rxd2 {[%emt 0:00:18]} h5 {[%emt 0:20:41]} (17... h6 18. h5 Qxg5 19. hxg6
Qxg6 20. Rdd1 $40 {is really difficult to believe for Black.}) (17... Nd7 18.
h5 Qxg5 19. hxg6 Qxg6 {could have been a bail-out option: the engine
recommendation is} 20. Qh3 {but there could follow} (20. Rdd1 $5) 20... Nf6 21.
Bd3 Qh6 {and Black has reached an endgame.}) 18. Rg1 {[%emt 0:09:39] The
position is now basically objectively winning in a number of ways.} (18. Qg3 $5
{is a slightly cunning move, cuing up Ne6 (the text does not do this, because
of the x-ray attack from the f8-rook.)}) 18... Nd7 {[%emt 0:02:22]} 19. Qg3 {
[%emt 0:04:47]} Nb6 {[%emt 0:05:48]} 20. Bb3 {[%emt 0:01:13]} Qf6 {[%emt 0:03:
29]} (20... Nd5 21. e4 {does not really do anything to interfere with the
threat of Nxf7.}) 21. e4 {[%emt 0:03:42]} Rae8 {[%emt 0:00:31]} 22. e5 {
[%emt 0:00:55]} Qf5 {[%emt 0:00:05]} 23. Bc2 {[%emt 0:00:04]} Qg4 {[%emt 0:08:
41]} 24. Bxg6 {[%emt 0:02:40]} Qxg3 {[%emt 0:00:06]} (24... fxg6 25. Qb3+ $18 {
is of course the point.}) 25. Bh7+ {[%emt 0:00:05]} Kh8 {[%emt 0:00:03]} 26.
Rxg3 {[%emt 0:01:17]} f6 {[%emt 0:00:05]} 27. Bg6 {[%emt 0:00:14]} fxg5 {
[%emt 0:00:05]} 28. Bxe8 {[%emt 0:00:54]} gxh4 {[%emt 0:00:06]} 29. Rg5 {
[%emt 0:00:05]} Rxe8 {[%emt 0:00:13]} 30. Rxh5+ {[%emt 0:00:16] It is
pointless to go on.} 1-0

[Event "Tata Steel-A 80th"]
[Site "Wijk aan Zee"]
[Date "2018.01.28"]
[Round "13"]
[White "Wei, Yi"]
[Black "Giri, Anish"]
[Result "1/2-1/2"]
[WhiteElo "2743"]
[BlackElo "2752"]
[Annotator "Fernandez,D"]
[PlyCount "42"]
[EventDate "2018.01.13"]
[EventType "tourn"]
[EventRounds "13"]
[EventCountry "NED"]
[EventCategory "20"]
[SourceTitle "CBM 183"]
[Source "ChessBase"]
[SourceDate "2018.03.14"]
[SourceVersion "1"]
[SourceVersionDate "2018.03.14"]
[SourceQuality "1"]
[TimeControl "40/6000+30:20/3000+30:900+30"]

1. Nf3 {[%emt 0:00:00]} d5 {[%emt 0:00:33]} 2. e3 {[%emt 0:00:00]} Nf6 {
[%emt 0:01:09]} 3. c4 {[%emt 0:00:00]} e6 {[%emt 0:00:02]} 4. Nc3 {[%emt 0:00:
11] Probably trying for some clever move-order trick in a Meran.} b6 {[%emt 0:
00:18]} (4... a6 5. b3 Bd6 6. Bb2 O-O 7. g4 $5 $132 {Nepomniachtchi,I-Anand,V
London 2017, was an experimental continuation.}) (4... Bb4 $5 {has an equally
'interesting' flavour:} 5. a3 (5. Qa4+ Nc6 6. Nd4 a5 $132) 5... Bxc3 6. bxc3
O-O 7. Bb2 $5 {Trying to open the long diagonal quickly, but Black has a
gambit idea.} (7. d4 c5 {Via a circuituous route, we have reached a main line
Sдmisch position.}) 7... c5 8. cxd5 exd5 9. c4 d4 $5 $132) (4... c5 {is of
course fine, when White's main independent continuation could be the attempt
to force an IQP position with} 5. cxd5 {. However, Black is under no
obligation to accept this and can continue} Nxd5 $5 6. d4 cxd4 7. exd4 Nxc3 8.
bxc3 Qc7 9. Bd2 Nd7 $132 {Aronian,L-Carlsen,M London 2015}) 5. b3 {[%emt 0:00:
55]} Bb7 {[%emt 0:00:26]} 6. Bb2 {[%emt 0:00:21]} Nbd7 {[%emt 0:00:33]} 7. g3
$5 {[%emt 0:11:42] Ducking d4 at any cost.} Bd6 {[%emt 0:23:15]} (7... dxc4 {
seems logical to try and punish White's omission. For instance,} 8. Bxc4 (8.
bxc4 e5 9. Bg2 e4 $36) 8... a6 9. O-O (9. a4 Bb4 $11 {is also very comfortable}
) 9... b5 10. Be2 Be7 $11) 8. Bg2 {[%emt 0:02:30]} O-O {[%emt 0:01:09]} 9. O-O
{[%emt 0:04:11]} Re8 {[%emt 0:01:52]} 10. Rc1 {[%emt 0:22:12]} a6 {[%emt 0:01:
11]} 11. Qe2 {[%emt 0:05:29]} dxc4 {[%emt 0:07:12]} (11... c5 $6 {was
correctly avoided:} 12. cxd5 exd5 (12... Nxd5 13. Nxd5 exd5 14. d4 {is similar}
) 13. d4 {Black does not have a good version of the hanging pawns position.})
12. bxc4 {[%emt 0:00:20]} b5 $5 {[%emt 0:02:34] Liquidating.} (12... c5 13. Ng5
Bxg2 14. Kxg2 {leads to a position reminiscent of the 6.b3 Catalan discussed
yesterday; both sides have glaring backward pawns but White is probably
slightly more comfortable unless Black hurries to get pieces off with (say)}
Be5 $1 15. f4 Bxc3 16. Bxc3 e5 $11) 13. cxb5 {[%emt 0:30:32]} axb5 {[%emt 0:00:
11]} 14. Nxb5 {[%emt 0:00:11]} Rxa2 {[%emt 0:00:27]} 15. d4 {[%emt 0:08:18]} ({
It is a running joke in my circle that whenever possible, I will suggest moves
like} 15. Bxf6 {to try and exploit, after a further 50 moves, some perceived
superiority of White's compact structure. This may or may not be present, but
on objective grounds the move deserves consideration. Play could continue} Nxf6
16. Nfd4 Bxg2 17. Kxg2 Ne4 18. Rfd1 $11 {when White has the 'threat' of Nc3,
exchanging off more pieces and thus getting closer to the ideal RB v RN
position, where in theory the backward c-pawn could become a factor.}) 15...
Qb8 {[%emt 0:09:27]} 16. Ra1 {[%emt 0:00:43]} Rxa1 {[%emt 0:01:41]} 17. Rxa1 {
[%emt 0:00:05]} Bf8 {[%emt 0:00:18]} 18. Nc3 {[%emt 0:01:51]} c5 {[%emt 0:00:
30]} 19. Rb1 {[%emt 0:02:34] Maybe a slightly slack move.} (19. Qb5 cxd4 20.
Nxd4 Bxg2 21. Kxg2 $11) 19... cxd4 {[%emt 0:01:34]} 20. Nxd4 {[%emt 0:00:04]}
Bxg2 {[%emt 0:00:06]} 21. Kxg2 {[%emt 0:00:05]} Qa8+ {[%emt 0:01:47]} (21...
Rc8 {created a threat and would not have been a totally unreasonable move to
play on with.} 22. Ba1 Qa8+ 23. Qf3 Qa3 24. Ndb5 Qa6 $11 {and while the
position is objectively level, White's pieces are a little bit tangled up and
a bit less active.}) 1/2-1/2